000 00606nam a22002537a 4500
003 UA-OsUOA
001 24620
007 ta
008 20040224b un ||||| |||| 00| 0 ukr d
100 _aЛешан В.Е.
090 _a28
_bЛ53
942 _cBK
040 _aUA-OsUOA
_brus
_cUA-OsUOA
_dUA-OsUOA
245 _aЛики христианского сектанства
300 _a207 с.
955 _a0
041 _arus
080 _a28
020 _a3-319-00022-7
260 _aКиев
_bПолитиздат Украины
_c1988
044 _aRU
650 7 _2UDC
999 _c310899
_d310899